Statistics for Denis Villeneuve Movies

Click here to take the quiz!

General Stats

  • This quiz has been taken 94 times
    (65 since last reset)
  • The average score is 8 of 11

Answer Stats

YearAnswer% Correct
2021Dune
98%
2023Dune: Part Two
94%
2015Arrival
92%
2017Blade Runner 2049
90%
2015Sicario
86%
2013Prisoners
82%
2013Enemy
68%
2010Incendies
64%
2009Polytechnique
50%
2000Maelström
44%
1998August 32nd on Earth
28%

Score Distribution

Percentile by Number Answered

Percent of People with Each Score

Your Score History

You have not taken this quiz since the last reset